|
|
|
|
| LEADER |
00000nam a2200000 i 4500 |
| 001 |
DIGHERDER0716 |
| 003 |
NyNyDIG |
| 007 |
cr ||||||||||| |
| 008 |
241114t20242023sp a ob 000 0 spa d |
| 006 |
m o d |
| 035 |
|
|
|a (OCoLC)1472052946
|
| 040 |
|
|
|a DGITA
|b eng
|e rda
|e pn
|c DGITA
|
| 020 |
|
|
|a 9788425450662
|q eBook
|q ePub
|
| 020 |
|
|
|z 9788425450655
|
| 041 |
1 |
|
|a spa
|h eng
|
| 050 |
1 |
4 |
|a Q334.7 ebook
|
| 082 |
0 |
4 |
|a 006.301
|2 23
|
| 100 |
1 |
|
|a Floridi, Luciano,
|d 1964-
|e author.
|
| 240 |
1 |
0 |
|a Ethics of artificial intelligence.
|l Spanish
|s (Anta)
|
| 245 |
1 |
0 |
|a Ética de la inteligencia artificial :
|b principios, retos y oportunidades /
|c Luciano Floridi ; traducción de Javier Anta.
|
| 250 |
|
|
|a 1a edición digital.
|
| 264 |
|
1 |
|a Barcelona :
|b Herder,
|c 2024.
|
| 264 |
|
4 |
|c ©2023
|
| 300 |
|
|
|a 1 online resource :
|b illustrations.
|
| 336 |
|
|
|a text
|b txt
|2 rdacontent
|
| 337 |
|
|
|a computer
|b c
|2 rdamedia
|
| 338 |
|
|
|a online resource
|b cr
|2 rdacarrier
|
| 347 |
|
|
|a text file
|2 rdaft
|
| 347 |
|
|
|b EPUB
|
| 490 |
1 |
|
|a Biblioteca de filosofía
|
| 504 |
|
|
|a Includes bibliographical references.
|
| 588 |
0 |
|
|a Online resource; title from ePub title page (Digitalia, viewed November 14, 2024)
|
| 650 |
|
0 |
|a Artificial intelligence
|x Moral and ethical aspects.
|
| 700 |
1 |
|
|a Anta, Javier,
|e translator.
|
| 700 |
1 |
|
|i Translation of:
|a Floridi, Luciano,
|d 1964-
|t Ethics of artificial intelligence.
|
| 791 |
2 |
|
|a Digitalia (Firm),
|e distributor.
|
| 793 |
0 |
|
|g Digitalia eBook Collection:
|a Herder Editorial
|
| 776 |
0 |
8 |
|i Print version:
|a Floridi, Luciano, 1964-
|s Ethics of artificial intelligence. Spanish (Anta).
|t Ética de la inteligencia artificial.
|d Barcelona : Herder, [2024]
|z 9788425450655
|
| 830 |
|
0 |
|a Biblioteca de filosofía (Barcelona, Spain)
|
| 856 |
4 |
0 |
|3 Digitalia Hispánica
|u https://www.digitaliapublishing.com/a/160921/
|
| 910 |
|
|
|a Premium collection: 2024
|